LEADER 01440nam0-22003971i-450- 001 990004152460403321 005 20161026112719.0 035 $a000415246 035 $aFED01000415246 035 $a(Aleph)000415246FED01 035 $a000415246 100 $a19990604d1953----km-y0itay50------ba 101 0 $alat 102 $aIT 105 $ay-------001ey 200 1 $aEpistularum ad Atticum$elibri sedecim$fMarci Tulli Ciceronis$gedidit Humbertus Moricca$gpost eius obitum editionem curavit A. Moricca-Caputo 210 $aAug. Taurinorum [etc.]$cIn aedibus Io. Bapt. Paraviae et sociorum$d1953 215 $a2 tomi$d21 cm 225 1 $aCorpus scriptorum Latinorum Paravianum 307 $a1.: 406 p. ; 2.: VI, 407-896 p. 327 1 $a1.: libri I-VIII$a2.: libri IX-XVI 500 10$aEpistulae ad Atticum$915119 676 $a876.01 700 1$aCicero,$bMarcus Tullius$f<106 a.C.-43 a.C.>$082411 702 1$aMoricca,$bUmberto 702 1$aMoricca Caputi,$bAda 801 0$aIT$bUNINA$gRICA$2UNIMARC 901 $aBK 912 $a990004152460403321 952 $aP2B-640-CSLP-CIC.-416A(1)-1953$bIst.Fil.cl. 1785$fFLFBC 952 $aP2B-640-CSLP-CIC.-416A(1bis)-1953$bIst.Fil.cl. 5961$fFLFBC 952 $aP2B-640-CSLP-CIC.-416A(2)-1953$bIst.Fil.cl. 1786$fFLFBC 952 $aP2B-640-CSLP-CIC.-416A(2bis)-1953$bIst.Fil.cl. 5962$fFLFBC 959 $aFLFBC 996 $aEpistulae ad Atticum$915119 997 $aUNINA LEADER 00922nam a2200265 i 4500 001 991002124799707536 005 20020507160410.0 008 990805s1988 it ||| | ita 020 $a8813163010 035 $ab11612277-39ule_inst 035 $aLE02730917$9ExL 040 $aDip.to Studi Giuridici$bita 082 0 $a340.1 084 $aC-XVII/A 100 1 $aMeneghelli, Ruggero$0181474 245 10$aNote sparse sul diritto /$cRuggero Meneghelli ; presentazione del prof. Enrico Opocher 260 $aPadova :$bCEDAM,$c1988 300 $ax, 218 p. ;$c24 cm. 650 4$aFilosofia del diritto 907 $a.b11612277$b21-09-06$c02-07-02 912 $a991002124799707536 945 $aLE027 C-XVII/A MEN01.01$g1$iLE027-7247$lle027$o-$pE0.00$q-$rl$s- $t0$u0$v0$w0$x0$y.i1182704x$z02-07-02 996 $aNote sparse sul diritto$9578664 997 $aUNISALENTO 998 $ale027$b01-01-99$cm$da $e-$fita$git $h0$i1 LEADER 01542nas 22004452a 450 001 996297342503316 005 20240413012534.0 035 $a(CKB)991042754057126 035 $a(CONSER)sn-98000936- 035 $a(EXLCZ)99991042754057126 100 $a19980706a19989999 --- - 101 0 $aeng 181 $ctxt$2rdacontent 182 $cc$2rdamedia 183 $acr$2rdacarrier 200 00$aCountry review$iRwanda 210 $aHouston, TX $cCommercial Data International 215 $a1 online resource 311 08$aPrint version: Country review. 1520-1228 (DLC)sn 98000936 (OCoLC)39394457 517 3 $aRwanda 606 $aEcology$2fast$3(OCoLC)fst00901476 606 $aEconomic history$2fast$3(OCoLC)fst00901974 606 $aPolitics and government$2fast$3(OCoLC)fst01919741 606 $aSocial conditions$2fast$3(OCoLC)fst01919811 607 $aRwanda$xEconomic conditions$y1994-$vPeriodicals 607 $aRwanda$xEnvironmental conditions$vPeriodicals 607 $aRwanda$xPolitics and government$y1994-$vPeriodicals 607 $aRwanda$xSocial conditions$vPeriodicals 607 $aRwanda$2fast$1https://id.oclc.org/worldcat/entity/E39PBJdgVmVrPYvMBJRRWKFYfq 608 $aPeriodicals.$2fast 608 $aPeriodicals.$2lcgft 615 7$aEcology. 615 7$aEconomic history. 615 7$aPolitics and government. 615 7$aSocial conditions. 906 $aJOURNAL 912 $a996297342503316 920 $aexl_impl conversion 996 $aCountry review$92425273 997 $aUNISA